000 00525nam a2200229Ia 4500
003 OSt
005 20220924142856.0
006 a|||||r|||| 00| 0
007 ta
008 ASM
024 _a303662
037 _cTextual
040 _aARTS
_cARTS
_bASM
041 _2ASM
_aASM
082 _aO158xM76, L5
100 _aBardalai
_9214230
245 0 _aRachanabali
260 _c1975
650 _aASSAMESE LITERATURE
_911738
942 _hO158xM76, L5
_cTEXL
_2CC
999 _c452303
_d452303